Housing and Planning in the Countryside

Na minha lista:
Detalhes bibliográficos
Autor principal: Clark (Author)
Formato: Livro
Idioma:inglês
Publicado em: Chichester : Research Stud.Press, 1982
Assuntos:
Tags: Adicionar Tag
Sem tags, seja o primeiro a adicionar uma tag!

MARC

LEADER 00000nam a22000003a 4500
001 stu10608
005 20150617225804.6
008 941020s1982----uk------------------eng-d
020 |a 0471102121 
040 |a STU  |b slo 
041 0 |a eng 
044 |a uk 
100 1 |a Clark  |4 aut 
245 1 |a Housing and Planning in the Countryside 
260 |a Chichester :  |b Research Stud.Press,  |c 1982 
300 |a 159 s 
650 7 |a architektúra anglická  |2 stusub 
650 7 |a územné plánovanie  |2 stusub 
996 |b 284AU01132  |c A*752 U  |l AAKNAR  |s A  |a 24  |w stu10608_0001